Microsoft office: (Record no. 22892)

MARC details
000 -LEADER
fixed length control field 00785nam a22002177a 4500
008 - FIXED-LENGTH DATA ELEMENTS--GENERAL INFORMATION
fixed length control field 090203t xxu||||| |||| 00| 0 eng d
010 ## - LCCN (DPL NO)
LC control number ENG-92779
020 ## - INTERNATIONAL STANDARD BOOK NUMBER
International Standard Book Number 8185517738
Terms of availability 80.00
035 ## - SYSTEM CONTROL NUMBER
System control number EN-76312
037 ## - SOURCE OF ACQUISITION
Source of stock number/acquisition DBAD / PUB
040 ## - CATALOGING SOURCE
Original cataloging agency dpl
Language of cataloging English
082 ## - DEWEY DECIMAL CLASSIFICATION NUMBER
Classification number 005.3
100 ## - MAIN ENTRY--PERSONAL NAME
Personal name Sujatha, A.
245 ## - TITLE STATEMENT
Title Microsoft office:
Remainder of title made simple for everyone /
Statement of responsibility, etc by A. Sujatha
250 ## - EDITION STATEMENT
Edition statement 2nd ed.
260 ## - PUBLICATION, DISTRIBUTION, ETC. (IMPRINT)
Place of publication, distribution, etc Palani
Name of publisher, distributor, etc Palani Paramount Publications
Date of publication, distribution, etc 2008
270 ## - ADDRESS
Address 57, Anna Nagar,
City Palani
Postal code 624602
300 ## - PHYSICAL DESCRIPTION
Extent iv, 145p.
Dimensions 30cm (pbk)
942 ## - ADDED ENTRY ELEMENTS (KOHA)
Source of classification or shelving scheme Dewey Decimal Classification
Item type English Books
Call number suffix SUJ
Classification part 005.3
Holdings
Withdrawn status Lost status Source of classification or shelving scheme Damaged status Not for loan Collection code Home library Current library Date acquired Source of acquisition Cost, normal purchase price Total Checkouts Full call number Barcode Date last seen Copy number Cost, replacement price Koha item type
    Dewey Decimal Classification   Not For Loan Non-fiction D.B.Act.Division D.B.Act.Division 03/02/2009 DBAD / PUB 80.00   005.3 SUJ EN-76312 03/02/2009 1 80.00 English Books

© Delhi Public Library
Hit Counter
free hit counter